000 00435nam a2200181Ia 4500
001 12760
005 20260306163005.0
008 260306t2006||||xx |||||||||||||| ||spa||
041 _aESP
082 _aRD 170.3
_bS56
100 _aVásquez, Carlos Simón (dir.)
_eAUT
245 0 _aDiccionario de bioética
260 _c2006
300 _a786 páginas :
_c25 cm.
650 _aGEN
654 _aCHU
942 _cDIC
_dJUS
_fJUS
_2ddc
_n
999 _c12760
_d12760